000
nam a22 7a 4500
999
_c
235029
_d
235029
003
Nust
005
20170405115357.0
008
170405b xxu||||| |||| 00| 0 eng d
040
_c
DLC
082
_a
620.136 ACI
245
_a
ACI Manual of Concrete Practice 2010 Index with ACI Concrete Terminology
942
_2
ddc
_c
BK